Inequalities involving functions and their integrals and derivatives / (Record no. 30149)
[ view plain ]
| 000 -LEADER | |
|---|---|
| fixed length control field | 00768 a2200217 4500 |
| 020 ## - INTERNATIONAL STANDARD BOOK NUMBER | |
| International Standard Book Number | 0792313305 |
| 020 ## - INTERNATIONAL STANDARD BOOK NUMBER | |
| International Standard Book Number | 9780792313304 |
| 082 ## - DEWEY DECIMAL CLASSIFICATION NUMBER | |
| Classification number | 515.243 |
| 090 ## - LOCALLY ASSIGNED LC-TYPE CALL NUMBER (OCLC); LOCAL CALL NUMBER (RLIN) | |
| -- | 1538 |
| -- | 1538 |
| 100 1# - MAIN ENTRY--PERSONAL NAME | |
| Personal name | Mitrinovic, Dragoslav S. |
| 245 10 - TITLE STATEMENT | |
| Title | Inequalities involving functions and their integrals and derivatives / |
| Statement of responsibility, etc. | Dragoslav S. Mitrinovic, J. Pecaric, A.M Fink. |
| 250 ## - EDITION STATEMENT | |
| Edition statement | 1991th ed. |
| 260 ## - PUBLICATION, DISTRIBUTION, ETC. | |
| Place of publication, distribution, etc. | [S.l.] : |
| Name of publisher, distributor, etc. | Springer, |
| Date of publication, distribution, etc. | 1991. |
| 300 ## - PHYSICAL DESCRIPTION | |
| Extent | 587 p. ; |
| Dimensions | 25 cm. |
| 490 1# - SERIES STATEMENT | |
| Series statement | Mathematics and its applications. |
| 700 1# - ADDED ENTRY--PERSONAL NAME | |
| Personal name | Pecaric, J. |
| 700 1# - ADDED ENTRY--PERSONAL NAME | |
| Personal name | Fink, A.M. |
| 830 #0 - SERIES ADDED ENTRY--UNIFORM TITLE | |
| Uniform title | Mathematics and its applications. |
| 942 ## - ADDED ENTRY ELEMENTS (KOHA) | |
| Institution code [OBSOLETE] | SNS |
| Koha item type | Book |
| Call number prefix | 515.243 MIT |
| Withdrawn status | Lost status | Damaged status | Not for loan | Permanent Location | Current Location | Date acquired | Total Checkouts | Full call number | Barcode | Date last seen | Price effective from | Koha item type |
|---|---|---|---|---|---|---|---|---|---|---|---|---|
| School of Natural Sciences (SNS) | School of Natural Sciences (SNS) | 05/26/2016 | 515.243 MIT | SNS0001769 | 05/26/2016 | 05/26/2016 | Book |
